| 000 | 01267nam a22003615a 4500 | ||
|---|---|---|---|
| 999 |
_c9146 _d9146 |
||
| 003 | EG-ScBUE | ||
| 005 | 20201020133415.0 | ||
| 008 | 150818t2007 ma a f bd 001 0 eng d | ||
| 020 | _a0534491324 (pbk.) | ||
| 020 | _a9780534491321 | ||
| 040 |
_aEG-ScBUE _beng _erda _cEG-ScBUE _dEG-ScBUE |
||
| 082 | 0 | 4 |
_a005.133 _bFOR _222 |
| 100 | 1 |
_aForouzan, Behrouz A., _eauthor. |
|
| 245 | 1 | 0 |
_aComputer science : _ba structured programming approach using C / _cBehrouz A. Forouzan, Richard F. Gilberg. |
| 250 | _aThird edition. | ||
| 264 | 1 |
_aBoston, Massachusetts : _bThomson Place, _c[2007] |
|
| 264 | 4 | _cc2007 | |
| 300 |
_axxvii,, 1156 pages : _bcolor illustrations ; _c24 cm |
||
| 336 |
_2rdacontent _atext _btxt |
||
| 337 |
_2rdamedia _aunmediated _bn |
||
| 338 |
_2rdacarrier _avolume _bnc |
||
| 500 | _aIncludes glossary. | ||
| 500 | _aIncludes appendix. | ||
| 504 | _aIncludes bibliographical references and index. | ||
| 590 | _aMenna Elemam | ||
| 650 | 7 |
_aC (Computer program language) _2BUEsh |
|
| 650 | 7 |
_aStructured programming. _2BUEsh |
|
| 650 | 7 |
_aC++ (Computer program language) _2BUEsh. |
|
| 653 |
_bCOMSCI _cAugust2015 |
||
| 655 |
_vReading book _934232 |
||
| 700 | 1 |
_aGilberg, Richard F., _eauthor. _93854 |
|
| 942 |
_cBB _k005.133 FOR _2ddc |
||